000 00814nam a2200253Ia 4500
003 OSt
005 20220923214804.0
006 a|||||r|||| 00| 0
007 ta
008 220922b |||||||| |||| 00| 0 hin d
024 _a172,840
037 _cTextual
040 _aARTS
_cARTS
_bhin
041 _2hin
_ahin
082 _aO152,6N05x, J4;L7
100 _aजैन, जैनेन्द्र कुमार
245 0 _aये और वे
246 _aYe aur ve
260 _aदिल्ली
_b पूर्वोदय प्रकाशन
_c1977
300 _a186 पृ.
_ccm.
650 _aहिन्दी साहित्य
_9156264
942 _hO152,6N05x, J4;L7
_cTEXL
_2CC
999 _c326788
_d326788